000 01050nam a2200277Ia 4500
005 20220317000346.0
008 141031s9999 ck 000 0 spa d
020 _a9789583003554
100 1 _aPombo, Rafael,
_d1833-1912
245 1 0 _aCuentos de Pombo
_cRafael Pombo ; ilustraciones de Patricia Acosta
250 _a1a edición
_b13a reimpresión
300 _a62 páginas
_bilustraciones en color
_c23 cm.
505 _aEl renacuajo paseador -- Tía Pasitrote -- Pastorcita -- Juan Chunguero -- El gato bandido -- La pobre viejecita -- Mirringa mirronga -- Simón el bobito
650 1 4 _2LEMB
_aPoesía infantil colombiana
650 1 4 _2LEMB
_aLiteratura infantil colombiana
650 1 4 _2LEMB
_aAnimales
_vPoesía
650 1 4 _2LEMB
_aValores
_vPoesía
700 1 _aAcosta, Patricia
_eilustrador
_99728
942 _2loc
_cBKINF
264 _aBogotá
_bPanamericana
_c2012
336 _atexto
_btxt
_2rdacontent
337 _asin mediación
_bn
_2rdamedia
338 _avolumen
_bnc
_2rdacarrier
040 _aCO-BoRNBP
_bspa
_erda
_cCO-BoRNBP
084 _aP POM1
999 _c3830
_d3830